000 00326nam a22001337a 4500
008 170527b xxu||||| |||| 00| 0 eng d
020 _a9780240809953
041 _aeng
080 _a621.3
100 _a27
101 _aIM
245 _aELECTRICITY FOR THE ENTERTAINMENT ELECTRICIAN&TECHNICIAN
_cCADENA, R
942 _2udc
_cBK
999 _c14688
_d14688